| 000 | 00573nam a22001817a 4500 | ||
|---|---|---|---|
| 003 | NUST - PNEC | ||
| 005 | 20170116180827.0 | ||
| 008 | 150624b xxu||||| |||| 00| 0 eng d | ||
| 020 | _a007990107 | ||
| 040 | _cLIBRARY | ||
| 082 | _a515.91 SPI | ||
| 100 |
_94173 _aSpiegel, Murray R. |
||
| 245 |
_aSchaum's outline of theory and problems of complex variables: with an introduction to conformal mapping and its applications _cMurray R. Spiegel |
||
| 260 | _bSchaum's Outline series, | ||
| 300 |
_a313 p. : _c27 cm. |
||
| 650 |
_94260 _aMathematics _xME |
||
| 942 |
_2ddc _cBK |
||
| 999 |
_c63937 _d63937 |
||